| 000 | 01266nam a22002897a 4500 | ||
|---|---|---|---|
| 003 | PE SENCICO BE | ||
| 005 | 20251020182648.0 | ||
| 008 | 240105b |||||||| |||| 00| 0 eng d | ||
| 040 |
_aPE SENCICO BE _cPE SENCICO BE |
||
| 041 | _aspa | ||
| 084 |
_aI _aDIS _a2015 _bD65 |
||
| 100 | 1 |
_91846 _aDeza Minguillo, Yesenia _eautor |
|
| 245 | 1 |
_aIluminación interior / _cYesenia Deza Minguillo |
|
| 246 | _aProyecto: iluminación artificial interior en vivienda unifamiliar | ||
| 260 |
_aLima : _c2015 |
||
| 300 |
_a2 v. : _bil. col., tabls. ; _c30 cm. |
||
| 500 | _aTexto en dos volúmenes. El volumen 2 contiene planos (30 x 40 cm.). | ||
| 502 | _aMonografía de Titulación.-- Servicio Nacional de Capacitación para la Industria de la Construcción. Escuela Superior Técnica. Carrera Profesional Técnica en Diseño de Interiores, 2015 | ||
| 505 | 0 | _av. 1. Iluminación interior -- v. 2. Proyecto: iluminación artificial interior en vivienda unifamiliar | |
| 650 | 1 | 0 |
_963 _aIluminación |
| 650 | 2 | 0 |
_944 _aDiseño de interiores |
| 650 | 2 | 0 |
_91838 _aLuminarias |
| 650 | 2 | 0 |
_9615 _aPlanos |
| 710 | 1 |
_aServicio Nacional de Capacitación para la Industria de la Construcción. _bEscuela Superior Técnica _91065 |
|
| 910 |
_bhfp _chfp |
||
| 942 |
_cMON _2ddc |
||
| 999 |
_c4481 _d4481 |
||